Statistics for Track & Field Events at the Olympics

Click here to take the quiz!

General Stats

  • This quiz has been taken 38,893 times
    (3,512 since last reset)
  • The average score is 20 of 26

Answer Stats

Event% Correct
100 metres
99%
200 metres
99%
400 metres
98%
800 metres
95%
Long jump
95%
Javelin throw
94%
High jump
93%
Discus throw
88%
10,000 metres
87%
5000 metres
87%
Shot put
87%
1500 metres
82%
Hammer throw
82%
Marathon
82%
Pole vault
80%
Triple jump
80%
100 metres hurdles
74%
4 x 100 metres relay
73%
4 x 400 metres relay
68%
Decathlon
68%
110 metres hurdles
67%
400 metres hurdles
65%
3000 metres steeplechase
60%
Heptathlon
58%
20 kilometres race walk
43%
Marathon race walking
mixed relay
11%

Score Distribution

Percentile by Number Answered

Percent of People with Each Score

Your Score History

You have not taken this quiz since the last reset